000 00300nam a22001457a 4500
008 210311b ||||| |||| 00| 0 eng d
020 _a9780618901067
041 _aeng
080 _a038
082 _a038
100 _a23
101 _aFJA
245 _a!Hola,amigos!
_cJarvis,
942 _2udc
_cBK
999 _c56327
_d56327